[Event "España ch Universitario 2007"]
[Site "Cartagena ESP"]
[Date "2007.05.08"]
[Round "3.11"]
[White "Burguete Archel, Eduardo"]
[Black "Camacho Collados, Jose"]
[Result "1-0"]
[WhiteElo "2161"]
[BlackElo "2308"]
[PlyCount "95"]
[EventDate "2007.05.06"]
[EventType "swiss"]
[EventRounds "9"]
[EventCountry "ESP"]
[Source "lmi"]
[SourceDate "2007.05.06"]

1. e4 e5 2. Bc4 Nf6 3. d3 Bc5 4. Nc3 d6 5. f4 Nc6 6. Nf3 Bg4 7. Na4 O-O 8. Nxc5
dxc5 9. O-O Nh5 10. f5 Nd4 11. c3 Nxf3+ 12. gxf3 Bh3 13. Rf2 Qh4 14. Be3 b6 15.
Qe1 g6 16. fxg6 hxg6 17. Rd2 Qf6 18. Qf2 Rad8 19. Kh1 Kg7 20. Rg1 Nf4 21. Qg3
Rh8 22. d4 cxd4 23. cxd4 Qh4 24. dxe5 Rxd2 25. Bxd2 Ne6 26. Be3 c5 27. Qxh4
Rxh4 28. Rd1 Nf4 29. Kg1 g5 30. Kf2 Be6 31. Bxe6 Nxe6 32. Kg3 Rh8 33. Rd7 Ra8
34. Kg4 Kg6 35. h4 gxh4 36. f4 Nf8 37. Rb7 Kg7 38. f5 Kg8 39. Kxh4 Rd8 40. Kg4
Rd3 41. Bh6 Nd7 42. e6 Ne5+ 43. Kf4 f6 44. Rg7+ Kh8 45. Rg3 Rd8 46. Bg7+ Kh7
47. Bxf6 Nd3+ 48. Rxd3 1-0

[Event "España ch Universitario 2007"]
[Site "Cartagena ESP"]
[Date "2007.05.08"]
[Round "3.12"]
[White "Jimenez Lopez, Antonio"]
[Black "Lopez Del Alamo, Antonio"]
[Result "0-1"]
[WhiteElo "2131"]
[BlackElo "2289"]
[PlyCount "72"]
[EventDate "2007.05.06"]
[EventType "swiss"]
[EventRounds "9"]
[EventCountry "ESP"]
[Source "lmi"]
[SourceDate "2007.05.06"]

1. e4 e6 2. d3 d5 3. Nd2 c5 4. Ngf3 Nc6 5. g3 g6 6. Bg2 Bg7 7. O-O Nge7 8. Re1
O-O 9. e5 Qc7 10. Qe2 g5 11. Nxg5 Qxe5 12. Qxe5 Bxe5 13. c3 b6 14. Ndf3 Bg7 15.
Bf4 Ng6 16. Be3 h6 17. Nh3 e5 18. Rad1 Bg4 19. Bc1 Rad8 20. Kf1 f5 21. Rd2 e4
22. Nfg1 Nce5 23. d4 cxd4 24. Rxd4 Nd3 25. Rxd3 exd3 26. f3 Bh5 27. Nf2 Ne5 28.
Bf4 Nc4 29. Nxd3 d4 30. Ne5 Nxe5 31. Bxe5 Bxe5 32. Rxe5 Bf7 33. cxd4 Rxd4 34.
b3 Re8 35. Rxe8+ Bxe8 36. Ke1 Bb5 0-1

[Event "España ch Universitario 2007"]
[Site "Cartagena ESP"]
[Date "2007.05.08"]
[Round "3.13"]
[White "Perez Mauricio, Xoel"]
[Black "Alcazar Jimenez, Jesus Alberto"]
[Result "0-1"]
[WhiteElo "2120"]
[BlackElo "2274"]
[PlyCount "80"]
[EventDate "2007.05.06"]
[EventType "swiss"]
[EventRounds "9"]
[EventCountry "ESP"]
[Source "lmi"]
[SourceDate "2007.05.06"]

1. Nf3 Nf6 2. c4 e6 3. Nc3 c5 4. g3 b6 5. Bg2 Bb7 6. O-O Be7 7. Re1 O-O 8. e4
d6 9. d4 cxd4 10. Nxd4 Qc8 11. Be3 a6 12. Rc1 Nbd7 13. h3 Qc7 14. f4 Rfe8 15.
g4 Nc5 16. Qc2 Rec8 17. g5 Ne8 18. Qe2 Bf8 19. Red1 Nd7 20. b3 g6 21. f5 exf5
22. exf5 Ne5 23. Rf1 Qd7 24. fxg6 hxg6 25. Kh2 Ng7 26. Bxb7 Qxb7 27. Nd5 Nh5
28. Nf5 Re8 29. Bd4 Re6 30. Nfe3 Bg7 31. Rcd1 Rae8 32. Qg2 Qb8 33. Bxb6 Nd7 34.
Bd4 Bxd4 35. Rxd4 Rxe3 36. Rxf7 Kxf7 37. Qf2+ Kg7 38. Nxe3 d5+ 39. Kg2 Rf8 40.
Qe1 Ne5 0-1

[Event "España ch Universitario 2007"]
[Site "Cartagena ESP"]
[Date "2007.05.08"]
[Round "3.14"]
[White "Lopez Rodriguez, Walter"]
[Black "Rodriguez Fontecha, Marcos"]
[Result "0-1"]
[WhiteElo "2111"]
[BlackElo "2241"]
[PlyCount "42"]
[EventDate "2007.05.06"]
[EventType "swiss"]
[EventRounds "9"]
[EventCountry "ESP"]
[Source "lmi"]
[SourceDate "2007.05.06"]

1. e4 e6 2. d4 d5 3. Nc3 Nf6 4. e5 Nfd7 5. Nf3 c5 6. dxc5 Bxc5 7. Bd3 Nc6 8.
Bf4 f6 9. exf6 Nxf6 10. Qe2 O-O 11. O-O-O Nb4 12. Rhe1 Nxd3+ 13. Qxd3 Bxf2 14.
Re2 Bb6 15. Ng5 Bc7 16. Bxc7 Qxc7 17. Nxe6 Bxe6 18. Rxe6 Rad8 19. h3 Qf7 20.
Re5 d4 21. Nb1 Qc7 0-1

[Event "España ch Universitario 2007"]
[Site "Cartagena ESP"]
[Date "2007.05.08"]
[Round "3.15"]
[White "Pons Carreras, David"]
[Black "Cabrero De Cabo, Miguel Angel"]
[Result "1-0"]
[WhiteElo "2240"]
[BlackElo "2102"]
[PlyCount "69"]
[EventDate "2007.05.06"]
[EventType "swiss"]
[EventRounds "9"]
[EventCountry "ESP"]
[Source "lmi"]
[SourceDate "2007.05.06"]

1. Nf3 f5 2. c4 Nf6 3. g3 g6 4. Bg2 Bg7 5. O-O d6 6. Nc3 e5 7. d3 O-O 8. Rb1 a5
9. a3 Nc6 10. b4 axb4 11. axb4 Bd7 12. b5 Ne7 13. Bb2 Qc8 14. Ra1 Rxa1 15. Qxa1
h6 16. c5 g5 17. cxd6 cxd6 18. Rc1 Qb8 19. Qa2+ Kh7 20. Nd2 Rc8 21. Ba3 Ng6 22.
Qb1 Be6 23. Nc4 Bxc4 24. dxc4 e4 25. Nd5 Nxd5 26. cxd5 Rxc1+ 27. Qxc1 Ne7 28.
g4 Nxd5 29. gxf5 Nf4 30. Bf1 Be5 31. e3 Nh5 32. Qc4 Bxh2+ 33. Kg2 Be5 34. Qf7+
Bg7 35. Qxh5 1-0

[Event "España ch Universitario 2007"]
[Site "Cartagena ESP"]
[Date "2007.05.08"]
[Round "3.16"]
[White "Criado Lopez, Alberto"]
[Black "Ehsan, Ali"]
[Result "0-1"]
[WhiteElo "2014"]
[BlackElo "2223"]
[PlyCount "82"]
[EventDate "2007.05.06"]
[EventType "swiss"]
[EventRounds "9"]
[EventCountry "ESP"]
[Source "lmi"]
[SourceDate "2007.05.06"]

1. e4 e5 2. Nf3 Nc6 3. Bc4 Bc5 4. c3 Nf6 5. d4 exd4 6. O-O Nxe4 7. cxd4 d5 8.
dxc5 dxc4 9. Qe2 Qd3 10. Re1 f5 11. Nc3 O-O 12. Nxe4 fxe4 13. Qxe4 Bf5 14. Qh4
Qd5 15. Bf4 Bd3 16. Bxc7 Rxf3 17. gxf3 Nd4 18. Re3 Qxc5 19. Qg3 Nc2 20. Bd6 Qd5
21. Re7 Bg6 22. Be5 Nxa1 23. Rxg7+ Kf8 24. Qf4+ Bf7 25. Rxh7 Ke8 26. Bd6 Rc8
27. Qf6 Qe6 28. Rh8+ Kd7 29. Qd4 Rxh8 30. Be5+ Kc6 31. Bxh8 Qg6+ 32. Kh1 Bd5
33. Qf6+ Qxf6 34. Bxf6 Bxf3+ 35. Kg1 Nc2 36. h4 Nb4 37. a3 Nd3 38. Bd4 Kd5 39.
Bc3 Ke4 40. h5 Bxh5 41. Kg2 Nf4+ 0-1

[Event "España ch Universitario 2007"]
[Site "Cartagena ESP"]
[Date "2007.05.08"]
[Round "3.17"]
[White "Alcazar Jimenez, Victor"]
[Black "Perez De Miguel, Alvaro"]
[Result "0-1"]
[WhiteElo "2423"]
[BlackElo "2098"]
[PlyCount "104"]
[EventDate "2007.05.06"]
[EventType "swiss"]
[EventRounds "9"]
[EventCountry "ESP"]
[Source "lmi"]
[SourceDate "2007.05.06"]

1. e4 c6 2. c4 d5 3. exd5 cxd5 4. Nf3 Nf6 5. d4 Nc6 6. Nc3 Bg4 7. cxd5 Nxd5 8.
Qb3 Bxf3 9. gxf3 Nb6 10. d5 Nd4 11. Qd1 e5 12. dxe6 Qf6 13. Bg2 Qxe6+ 14. Be3
Nf5 15. O-O Nxe3 16. fxe3 Bc5 17. Kh1 O-O 18. e4 Rad8 19. Qc2 Qh6 20. Rfd1 Bd6
21. Bf1 Bf4 22. a4 a5 23. Qg2 Rfe8 24. Bb5 Rxd1+ 25. Rxd1 Rc8 26. Qe2 g6 27.
Qg2 Rc5 28. Nd5 Nxd5 29. exd5 Bd6 30. b3 Rc3 31. h3 Qf4 32. Bc4 Rxf3 33. Rf1
Rxf1+ 34. Bxf1 Kg7 35. Bc4 f5 36. Qb2+ Be5 37. Qg2 Kf6 38. Qe2 Qg3 39. Qg2
Qxg2+ 40. Kxg2 Bd6 41. Kf3 g5 42. Bb5 h5 43. Be8 g4+ 44. hxg4 hxg4+ 45. Ke3 Kg5
46. Bd7 f4+ 47. Ke4 f3 48. Be8 Kh4 49. Bb5 Kg3 50. Kf5 f2 51. Ke6 Bf4 52. d6
Kg2 0-1

[Event "España ch Universitario 2007"]
[Site "Cartagena ESP"]
[Date "2007.05.08"]
[Round "3.18"]
[White "Garcia Brion, Eduardo"]
[Black "Reinaldo Castineira, Roi"]
[Result "0-1"]
[WhiteElo "2157"]
[BlackElo "2452"]
[PlyCount "132"]
[EventDate "2007.05.06"]
[EventType "swiss"]
[EventRounds "9"]
[EventCountry "ESP"]
[Source "lmi"]
[SourceDate "2007.05.06"]

1. e4 c5 2. Nf3 d6 3. d4 cxd4 4. Nxd4 Nf6 5. Nc3 a6 6. Bc4 Nbd7 7. Bb3 Nc5 8.
f3 e6 9. Be3 b5 10. Qd2 Bd7 11. O-O Be7 12. a3 O-O 13. Ba2 Rb8 14. b4 Nb7 15.
Nd1 Qc7 16. Nb2 d5 17. exd5 Nxd5 18. Bxd5 exd5 19. Bf4 Nd6 20. Nd3 Qb6 21. Qf2
Rbd8 22. Nb3 Qxf2+ 23. Rxf2 Bf5 24. Be5 Rfe8 25. Nbc5 Bc8 26. a4 Nc4 27. Bd4
Bd6 28. axb5 axb5 29. c3 Bf5 30. Raa2 Ra8 31. Rfe2 Rec8 32. g3 f6 33. Kf2 Kf7
34. Kg2 g5 35. Kf2 h5 36. Kg2 Bg6 37. f4 Bf5 38. fxg5 fxg5 39. h3 Kg6 40. Rf2
Rf8 41. Rxa8 Rxa8 42. Re2 Ra1 43. Ne5+ Nxe5 44. Bxe5 Bxe5 45. Rxe5 Ra2+ 46. Kg1
Bxh3 47. Rxd5 Rg2+ 48. Kh1 Rxg3 49. Ne4 Rg4 50. Rd6+ Kf5 51. Nf2 Rh4 52. Kg1
Ke5 53. Rc6 Bd7 54. Nd3+ Ke4 55. Nf2+ Ke3 56. Rd6 Bf5 57. Rd5 Rf4 58. Re5+ Kd2
59. Rxb5 g4 60. Kg2 Kxc3 61. Re5 Kxb4 62. Nd1 h4 63. Ne3 Be4+ 64. Kh2 Kc3 65.
Nxg4 Rxg4 66. Kh3 Rf4 0-1

[Event "España ch Universitario 2007"]
[Site "Cartagena ESP"]
[Date "2007.05.08"]
[Round "3.19"]
[White "Martinez Martin, David"]
[Black "Ruiz Maraña, Alejandro"]
[Result "1-0"]
[WhiteElo "2403"]
[BlackElo "2134"]
[PlyCount "53"]
[EventDate "2007.05.06"]
[EventType "swiss"]
[EventRounds "9"]
[EventCountry "ESP"]
[Source "lmi"]
[SourceDate "2007.05.06"]

1. d4 d5 2. c4 e6 3. Nc3 c5 4. cxd5 cxd4 5. Qa4+ Bd7 6. Qxd4 exd5 7. Qxd5 Nc6
8. Nf3 Nf6 9. Qd1 Bc5 10. e3 Qe7 11. Be2 O-O 12. O-O Rfd8 13. a3 Bg4 14. Qc2
Ne5 15. Nxe5 Qxe5 16. Rd1 Bd6 17. f4 Qh5 18. Bxg4 Qxg4 19. Bd2 g5 20. h3 Qe6
21. fxg5 Qe5 22. gxf6 Kh8 23. Qe4 Qh2+ 24. Kf2 Bg3+ 25. Ke2 Re8 26. Rh1 Rxe4
27. Rxh2 1-0

[Event "España ch Universitario 2007"]
[Site "Cartagena ESP"]
[Date "2007.05.08"]
[Round "3.20"]
[White "Navarro Cia, Miguel"]
[Black "Pavon Cardenas, Jesus M"]
[Result "0-1"]
[WhiteElo "2338"]
[BlackElo "2122"]
[PlyCount "136"]
[EventDate "2007.05.06"]
[EventType "swiss"]
[EventRounds "9"]
[EventCountry "ESP"]
[Source "lmi"]
[SourceDate "2007.05.06"]

1. e4 e5 2. Nf3 Nc6 3. Bb5 a6 4. Bxc6 dxc6 5. O-O Bg4 6. h3 Bxf3 7. Qxf3 Qf6 8.
Qg3 Bc5 9. d3 Ne7 10. Nd2 Ng6 11. Nc4 O-O 12. Kh2 Qe6 13. Be3 Bd6 14. Rae1 f5
15. exf5 Rxf5 16. Kh1 Raf8 17. Qg4 Qf7 18. Na5 h5 19. Qc4 Qxc4 20. Nxc4 b5 21.
Nd2 Bb4 22. c3 Be7 23. Ne4 Nf4 24. Rd1 Nd5 25. Kg1 h4 26. Rfe1 Rd8 27. f3 a5
28. Bf2 Nf4 29. d4 exd4 30. Rxd4 Rxd4 31. Bxd4 Nd3 32. Re2 c5 33. Be3 c4 34.
Rd2 Bd6 35. Bg5 Rxg5 36. Nxg5 Bf4 37. Re2 Bxg5 38. Kf1 Kf7 39. b3 cxb3 40. axb3
a4 41. bxa4 bxa4 42. Ra2 Nc5 43. Ke2 Ke6 44. Kd1 Nd3 45. Kc2 Nf4 46. Kb1 a3 47.
Rd2 Nd5 48. Rc2 Ne3 49. Re2 Kd5 50. Ka2 Nc4 51. Kb3 Bf6 52. Re8 c6 53. Re2 Na5+
54. Kb4 Nc4 55. Kb3 c5 56. Rc2 Be5 57. Re2 Na5+ 58. Kxa3 Bxc3 59. Re4 Bf6 60.
Rg4 Nc4+ 61. Kb3 Ne3 62. Re4 Nxg2 63. Kc2 g5 64. Re2 Nf4 65. Rh2 c4 66. Rh1 Kd4
67. Re1 Nxh3 68. Re6 Be5 0-1

[Event "España ch Universitario 2007"]
[Site "Cartagena ESP"]
[Date "2007.05.08"]
[Round "3.21"]
[White "Pascual Palomo, Lucia"]
[Black "Peña Gomez, Manuel"]
[Result "0-1"]
[WhiteElo "2112"]
[BlackElo "2331"]
[PlyCount "66"]
[EventDate "2007.05.06"]
[EventType "swiss"]
[EventRounds "9"]
[EventCountry "ESP"]
[Source "lmi"]
[SourceDate "2007.05.06"]

1. e4 c5 2. Nf3 d6 3. d4 cxd4 4. Nxd4 Nf6 5. Nc3 a6 6. Be2 e6 7. O-O Be7 8. Be3
O-O 9. f4 Qc7 10. Kh1 Nc6 11. Nb3 b5 12. a3 Bb7 13. Bf3 Rfd8 14. Qe1 d5 15. e5
Ne8 16. Nd4 b4 17. Na4 bxa3 18. bxa3 Nxd4 19. Bxd4 Qc4 20. Rb1 Bc6 21. Nb6 Qxd4
22. Nxa8 Rxa8 23. c3 Qc5 24. Bd1 Qxa3 25. Bc2 g6 26. h4 Rc8 27. h5 d4 28. hxg6
hxg6 29. f5 gxf5 30. Qg3+ Ng7 31. Rb3 Qa2 32. Rf2 Qa1+ 33. Rb1 Qxc3 0-1

[Event "España ch Universitario 2007"]
[Site "Cartagena ESP"]
[Date "2007.05.08"]
[Round "3.22"]
[White "Rabadan Velasco, Raul"]
[Black "Martinez Piqueras, Carlos Gustavo"]
[Result "0-1"]
[WhiteElo "2281"]
[BlackElo "2090"]
[PlyCount "104"]
[EventDate "2007.05.06"]
[EventType "swiss"]
[EventRounds "9"]
[EventCountry "ESP"]
[Source "lmi"]
[SourceDate "2007.05.06"]

1. d4 Nf6 2. c4 g6 3. Nc3 Bg7 4. e4 O-O 5. Nge2 d6 6. Ng3 c5 7. d5 e6 8. Be2
exd5 9. cxd5 Na6 10. O-O Nc7 11. Bg5 h6 12. Be3 Re8 13. a3 a6 14. b4 c4 15. Qd2
h5 16. Bg5 Nb5 17. Rac1 Nxc3 18. Rxc3 b5 19. Qf4 Bg4 20. Bxg4 hxg4 21. h3 Re5
22. Re3 Nxd5 23. Bxd8 Nxf4 24. Bc7 gxh3 25. Bxd6 Nxg2 26. Re2 Re6 27. e5 Nf4
28. Re4 Nd3 29. f4 Rd8 30. Re2 f5 31. Rh2 Rdxd6 32. exd6 Rxd6 33. Rd1 Bd4+ 34.
Kf1 Re6 35. Ne2 Bb2 36. Rb1 Re3 37. Ng1 Bxa3 38. Nxh3 Bxb4 39. Ng5 Bd6 40. Rh6
Nxf4 41. Kf2 Bc5 42. Rbh1 Rh3+ 43. Ke1 Rxh1+ 44. Rxh1 c3 45. Kd1 Ng2 46. Kc2 b4
47. Rh6 Kg7 48. Rh7+ Kf6 49. Nf3 Ne3+ 50. Kd3 c2 51. Rh1 b3 52. Kc3 Nd1+ 0-1

[Event "España ch Universitario 2007"]
[Site "Cartagena ESP"]
[Date "2007.05.08"]
[Round "3.23"]
[White "Serna Lara, Sergio"]
[Black "Leranoz Zabalza, Adrian"]
[Result "1-0"]
[WhiteElo "2251"]
[BlackElo "2061"]
[PlyCount "35"]
[EventDate "2007.05.06"]
[EventType "swiss"]
[EventRounds "9"]
[EventCountry "ESP"]
[Source "lmi"]
[SourceDate "2007.05.06"]

1. d4 Nf6 2. c4 Nc6 3. Nf3 e6 4. a3 d5 5. Nbd2 Be7 6. g3 O-O 7. Bg2 b6 8. O-O
a5 9. Qc2 Qd7 10. Rd1 Ba6 11. e4 Rad8 12. cxd5 exd5 13. e5 Ne8 14. Nf1 f6 15.
exf6 Bxf6 16. Ng5 g6 17. Bh3 Qe7 18. Ne6 1-0

[Event "España ch Universitario 2007"]
[Site "Cartagena ESP"]
[Date "2007.05.08"]
[Round "3.24"]
[White "Sarralde Osua, Rodrigo"]
[Black "Cortes Lizano, Jesus"]
[Result "1-0"]
[WhiteElo "2139"]
[BlackElo "2247"]
[PlyCount "81"]
[EventDate "2007.05.06"]
[EventType "swiss"]
[EventRounds "9"]
[EventCountry "ESP"]
[Source "lmi"]
[SourceDate "2007.05.06"]

1. e4 c5 2. Nf3 d6 3. d4 Nf6 4. Nc3 cxd4 5. Qxd4 e5 6. Qd3 h6 7. h3 Be7 8. Be3
a6 9. a4 Nbd7 10. a5 Qc7 11. Qc4 Qd8 12. Be2 O-O 13. O-O b5 14. axb6 Nxb6 15.
Qb4 Rb8 16. Qa5 Nbd7 17. b3 Bb7 18. Qxd8 Rfxd8 19. Nd2 Rdc8 20. Bc4 Bd8 21. f3
Nb6 22. Na4 Nxa4 23. Rxa4 d5 24. exd5 Nxd5 25. Bxd5 Bxd5 26. c4 Bb7 27. Rb1 a5
28. b4 Bc6 29. b5 Bd7 30. Ne4 Be7 31. Rxa5 f5 32. Ra7 fxe4 33. Rxd7 Bc5 34.
Bxc5 Rxc5 35. Rb4 exf3 36. gxf3 e4 37. fxe4 Rb6 38. Rd5 Rc8 39. Kf2 Ra8 40. Ke3
Rg6 41. b6 1-0

[Event "España ch Universitario 2007"]
[Site "Cartagena ESP"]
[Date "2007.05.08"]
[Round "3.25"]
[White "Peñalosa Pinillas, Jesus"]
[Black "Medina Menendez, Eduardo Matias"]
[Result "1/2-1/2"]
[WhiteElo "2201"]
[BlackElo "2049"]
[PlyCount "71"]
[EventDate "2007.05.06"]
[EventType "swiss"]
[EventRounds "9"]
[EventCountry "ESP"]
[Source "lmi"]
[SourceDate "2007.05.06"]

1. e4 e5 2. Nc3 Bc5 3. g3 Nc6 4. Bg2 Nge7 5. Nge2 d6 6. Na4 Bb6 7. Nxb6 axb6 8.
O-O O-O 9. d4 f5 10. d5 Nb8 11. exf5 Bxf5 12. Nc3 Nd7 13. Ne4 h6 14. c4 Bg6 15.
b3 Qe8 16. Bb2 Bh5 17. f3 Nc5 18. Qd2 Nxe4 19. fxe4 Qd7 20. a3 Bg4 21. b4 Bh3
22. Qe3 Bxg2 23. Kxg2 Kh7 24. Rac1 Ng8 25. c5 bxc5 26. bxc5 Rxf1 27. Rxf1 Nf6
28. h3 Qb5 29. Rf2 Ra4 30. cxd6 cxd6 31. Rxf6 gxf6 32. Bc1 Qc5 33. Qxh6+ Kg8
34. Qg6+ Kf8 35. Qxf6+ Ke8 36. Bg5 1/2-1/2

[Event "España ch Universitario 2007"]
[Site "Cartagena ESP"]
[Date "2007.05.08"]
[Round "3.26"]
[White "Lara Lopez, Jose"]
[Black "Pastor Jimenez, Daniel"]
[Result "1-0"]
[WhiteElo "2173"]
[BlackElo "2009"]
[PlyCount "85"]
[EventDate "2007.05.06"]
[EventType "swiss"]
[EventRounds "9"]
[EventCountry "ESP"]
[Source "lmi"]
[SourceDate "2007.05.06"]

1. e4 c5 2. Nc3 Nc6 3. f4 e6 4. Nf3 Nf6 5. d3 Be7 6. g3 O-O 7. Bg2 Rb8 8. O-O
b5 9. Ne2 Qb6 10. h3 d5 11. e5 Nd7 12. g4 f6 13. exf6 Nxf6 14. Ng3 d4 15. Ng5
h6 16. N5e4 Nd5 17. g5 hxg5 18. fxg5 Rxf1+ 19. Bxf1 Ne5 20. Bg2 Bd7 21. h4 Rf8
22. h5 Ne3 23. Bxe3 dxe3 24. Qe2 c4 25. Re1 cxd3 26. cxd3 Qd4 27. h6 Qxd3 28.
hxg7 Rf7 29. Nh5 Qxe2 30. Rxe2 Ng4 31. Bh3 e5 32. Re1 Bd8 33. Bxg4 Bxg4 34.
Nef6+ Bxf6 35. Nxf6+ Kxg7 36. Nxg4 Rf5 37. Nxe3 Rxg5+ 38. Kf2 Kf6 39. Rc1 Rg7
40. Kf3 a5 41. Rc6+ Kg5 42. Rc5 Rf7+ 43. Kg3 1-0

[Event "España ch Universitario 2007"]
[Site "Cartagena ESP"]
[Date "2007.05.08"]
[Round "3.27"]
[White "Gomez Olivares, Alejandro"]
[Black "Alonso Alvarez, Aitor"]
[Result "1-0"]
[WhiteElo "1979"]
[BlackElo "2165"]
[PlyCount "109"]
[EventDate "2007.05.06"]
[EventType "swiss"]
[EventRounds "9"]
[EventCountry "ESP"]
[Source "lmi"]
[SourceDate "2007.05.06"]

1. c4 f5 2. g3 Nf6 3. Bg2 g6 4. d4 Bg7 5. Nf3 O-O 6. b4 Ne4 7. Bb2 e6 8. Qc2 d5
9. Nbd2 c6 10. O-O Qe7 11. a4 Nd7 12. Rfc1 g5 13. b5 g4 14. Ne5 Nxe5 15. dxe5
Qg5 16. e3 Bd7 17. Rd1 Rad8 18. Nb3 h5 19. Bd4 h4 20. Qe2 Rc8 21. Rac1 a6 22.
bxa6 bxa6 23. Nc5 Nxc5 24. Bxc5 Rf7 25. Bd6 h3 26. Bf1 Ra8 27. Rb1 Bf8 28. c5
Bxd6 29. cxd6 c5 30. a5 Qd8 31. Rb6 c4 32. Qd2 Bb5 33. Qd4 Rb8 34. Rxb8 Qxb8
35. Qc3 Rb7 36. Rb1 Bd7 37. Rxb7 Qxb7 38. Qc1 Qb4 39. e4 Kh7 40. Qg5 c3 41.
Qe7+ Kg6 42. Qf6+ Kh7 43. Qf7+ Kh6 44. Qxd7 c2 45. Qxe6+ Kg7 46. Qf6+ Kh7 47.
Qxf5+ Kh6 48. Qf6+ Kh7 49. Qh4+ Kg7 50. Qxg4+ Kh7 51. Qxh3+ Kg7 52. Qg4+ Kh7
53. Qf5+ Kg7 54. Qg5+ Kh7 55. d7 1-0

[Event "España ch Universitario 2007"]
[Site "Cartagena ESP"]
[Date "2007.05.08"]
[Round "3.28"]
[White "Engo Pardo, Javier"]
[Black "Gonzalez Menendez, Ivan"]
[Result "0-1"]
[WhiteElo "2072"]
[BlackElo "2401"]
[PlyCount "54"]
[EventDate "2007.05.06"]
[EventType "swiss"]
[EventRounds "9"]
[EventCountry "ESP"]
[Source "lmi"]
[SourceDate "2007.05.06"]

1. d4 Nf6 2. c4 c5 3. d5 e6 4. Nc3 exd5 5. cxd5 d6 6. e4 g6 7. Nge2 Bg7 8. Ng3
O-O 9. Be2 Re8 10. O-O a6 11. a4 Nbd7 12. Bg5 Qc7 13. Qd2 c4 14. Rae1 Rb8 15.
f4 h6 16. Bh4 Nh7 17. Nh1 b5 18. axb5 axb5 19. e5 dxe5 20. d6 Qb6+ 21. Bf2 Qa5
22. Bg4 Nhf6 23. Bxd7 Nxd7 24. fxe5 Nxe5 25. Bd4 Bf5 26. Ra1 Qd8 27. Bc5 Nd3
0-1

[Event "España ch Universitario 2007"]
[Site "Cartagena ESP"]
[Date "2007.05.08"]
[Round "3.29"]
[White "Pallardo Lozoya, Jose Vicente"]
[Black "Gomez Gomez, Francisco Javier"]
[Result "1-0"]
[WhiteElo "2304"]
[BlackElo "2062"]
[PlyCount "67"]
[EventDate "2007.05.06"]
[EventType "swiss"]
[EventRounds "9"]
[EventCountry "ESP"]
[Source "lmi"]
[SourceDate "2007.05.06"]

1. e4 c5 2. Nc3 Nc6 3. g3 g6 4. Bg2 Bg7 5. d3 d6 6. f4 Nf6 7. Nf3 Bg4 8. h3
Bxf3 9. Qxf3 Nd7 10. O-O O-O 11. g4 Rb8 12. h4 b5 13. h5 b4 14. Ne2 Nd4 15.
Nxd4 cxd4 16. hxg6 hxg6 17. g5 Rc8 18. Rf2 Rc5 19. Bh3 e6 20. f5 Ne5 21. Qg2
exf5 22. exf5 Re8 23. f6 Bf8 24. Bf4 Qa8 25. Qg3 Qc6 26. Rc1 Qd5 27. Rcf1 Qxa2
28. Rh2 Qxb2 29. Bg2 Rxc2 30. Qh3 Rxg2+ 31. Rxg2 Qb3 32. Rh2 Nf3+ 33. Qxf3 Qe6
34. Qg3 1-0

[Event "España ch Universitario 2007"]
[Site "Cartagena ESP"]
[Date "2007.05.08"]
[Round "3.30"]
[White "Claros Egea, Christian"]
[Black "Codina Tormo, Julia"]
[Result "1-0"]
[WhiteElo "2273"]
[BlackElo "2051"]
[PlyCount "49"]
[EventDate "2007.05.06"]
[EventType "swiss"]
[EventRounds "9"]
[EventCountry "ESP"]
[Source "lmi"]
[SourceDate "2007.05.06"]

1. e4 c5 2. Nf3 Nc6 3. d4 cxd4 4. Nxd4 g6 5. Nc3 Bg7 6. Be3 Nf6 7. Bc4 O-O 8.
Bb3 d6 9. f3 Bd7 10. Qd2 Qa5 11. O-O-O Rac8 12. Kb1 Rfe8 13. g4 Ne5 14. h4 Nc4
15. Bxc4 Rxc4 16. Nb3 Qc7 17. e5 Nxg4 18. fxg4 Bxg4 19. exd6 exd6 20. Rde1 Qd7
21. Bd4 Rxe1+ 22. Rxe1 Bxd4 23. Nxd4 a6 24. Nd5 Kg7 25. Qg5 1-0

[Event "España ch Universitario 2007"]
[Site "Cartagena ESP"]
[Date "2007.05.08"]
[Round "3.31"]
[White "Torrenta Planas, Marcel"]
[Black "Rada Equiza, Miguel"]
[Result "0-1"]
[WhiteElo "2046"]
[BlackElo "2261"]
[PlyCount "66"]
[EventDate "2007.05.06"]
[EventType "swiss"]
[EventRounds "9"]
[EventCountry "ESP"]
[Source "lmi"]
[SourceDate "2007.05.06"]

1. d4 f5 2. c4 Nf6 3. Nc3 d6 4. g3 g6 5. Bg2 Bg7 6. Nf3 O-O 7. O-O Nc6 8. Re1
a6 9. e4 fxe4 10. Nxe4 Nxe4 11. Rxe4 Bf5 12. Re3 Bg4 13. Rd3 Nxd4 14. Rxd4 Bxd4
15. Qxd4 Bxf3 16. Bxf3 Rxf3 17. Bf4 Rxf4 18. Qxf4 Qd7 19. Re1 c6 20. Qd4 Rf8
21. Re3 Rf7 22. Qe4 Qf5 23. Re2 Qxe4 24. Rxe4 Kf8 25. Kf1 Ke8 26. Ke2 Kd7 27.
Rd4 e5 28. Rd1 Ke6 29. Ke3 d5 30. c5 d4+ 31. Ke2 Kd5 32. Rc1 e4 33. b4 d3+ 0-1

[Event "España ch Universitario 2007"]
[Site "Cartagena ESP"]
[Date "2007.05.08"]
[Round "3.32"]
[White "Peñas Hernandez, Yolanda"]
[Black "Piay Augusto, Diego"]
[Result "0-1"]
[WhiteElo "2040"]
[BlackElo "2251"]
[PlyCount "80"]
[EventDate "2007.05.06"]
[EventType "swiss"]
[EventRounds "9"]
[EventCountry "ESP"]
[Source "lmi"]
[SourceDate "2007.05.06"]

1. e4 d5 2. exd5 Nf6 3. d4 Nxd5 4. g3 Bf5 5. Bg2 c6 6. Nf3 g6 7. O-O Bg7 8. c3
O-O 9. Na3 Nd7 10. Re1 b5 11. Bg5 h6 12. Bd2 g5 13. Rc1 Rc8 14. c4 bxc4 15.
Nxc4 N7b6 16. Nce5 Qd6 17. a4 e6 18. a5 Nd7 19. Nxd7 Qxd7 20. h4 f6 21. hxg5
hxg5 22. Nh2 Rb8 23. Bc3 Kf7 24. Qh5+ Bg6 25. Qf3 Rh8 26. Ng4 Kg8 27. Qe2 Bf7
28. Rc2 Bg6 29. Rd2 Re8 30. Ne3 f5 31. Qc4 Kf7 32. Nxd5 exd5 33. Qf1 f4 34.
Rxe8 Rxe8 35. gxf4 gxf4 36. Bh3 Qe7 37. Rd1 Qh4 38. Qg2 Bh5 39. Rf1 Bh6 40. Kh1
Rg8 0-1

[Event "España ch Universitario 2007"]
[Site "Cartagena ESP"]
[Date "2007.05.08"]
[Round "3.33"]
[White "Davo Torres, Enrique"]
[Black "Bermejo Martinez, Jorge"]
[Result "1-0"]
[WhiteElo "2033"]
[BlackElo "2240"]
[PlyCount "113"]
[EventDate "2007.05.06"]
[EventType "swiss"]
[EventRounds "9"]
[EventCountry "ESP"]
[Source "lmi"]
[SourceDate "2007.05.06"]

1. d4 Nf6 2. e3 g6 3. c4 Bg7 4. Nc3 O-O 5. Nf3 d6 6. Be2 Nbd7 7. O-O c6 8. Re1
Qc7 9. e4 e5 10. dxe5 dxe5 11. b4 Rd8 12. Qb3 Nf8 13. h3 Ne6 14. Be3 Nd4 15.
Qb2 Nd7 16. Rad1 Nf8 17. Rd2 h6 18. Red1 Nfe6 19. a3 f5 20. Rd3 Qf7 21. Kh1
fxe4 22. Nxe4 Nf4 23. Bxf4 Qxf4 24. Nxd4 exd4 25. Bf3 Be6 26. Qd2 Qf7 27. c5 g5
28. Nd6 Qd7 29. Qe2 Rf8 30. Kg1 b5 31. Bg4 Bxg4 32. Qxg4 Qxg4 33. hxg4 a5 34.
Nf5 axb4 35. axb4 Ra2 36. f3 Re8 37. Nxd4 Bxd4+ 38. Rxd4 Ree2 39. Rd8+ Kf7 40.
R8d7+ Ke6 41. R1d6+ Ke5 42. Re7+ Kf4 43. Rxe2 Rxe2 44. Kh2 Rb2 45. Rxc6 Rxb4
46. Rc8 Ke5 47. c6 Kd6 48. Rh8 Kxc6 49. Rxh6+ Kd5 50. Rg6 Rb1 51. Rxg5+ Kd4 52.
Kg3 b4 53. Rb5 Ke3 54. g5 Ke2 55. g6 Kf1 56. g7 Rb2 57. Kf4 1-0